000 00547nam a2200181 i 4500
001 38695
003 ES-MaACL
005 20231205191406.0
007 t|
008 030226s1932 sp ||||1| spa d
100 1 _aCamón Aznar, José,
_d1898-1979
_934095
245 1 0 _aGuía de Salamanca /
_cpor José Camón Aznar.
260 _aMadrid :
_bPatronato Nacional de Turismo,
_c1932.
300 _a124 p., 8 lám. ;
_c17 cm.
651 4 _aSalamanca-
_vGuías turísticas.
_9155396
852 _aES-MaACL
_jA-984
999 _c38695
_d38695